000 00299nam a22000977a 4500
008 150722b xxu||||| |||| 00| 0 eng d
010 _8HCCRSARF:035
245 _aHIGH COURT CRIMINAL SESSION NO.99 OF 1976 Uganda Karoli Lenzau
260 _aHigh Court Kampala
500 _3BEFORE: Hon. Mr. Justice M. Saied
999 _c8040
_d8040